Geography of world affairs. -- 4th ed. (Record no. 263)

MARC details
000 -LEADER
fixed length control field 00534nam a2200157 a 4500
008 - FIXED-LENGTH DATA ELEMENTS--GENERAL INFORMATION
fixed length control field 120717s1972 ||||||||||||||||| || u
050 ## - LIBRARY OF CONGRESS CALL NUMBER
Classification number G 122 Col
100 ## - MAIN ENTRY--PERSONAL NAME
Personal name Cole, J. P
245 10 - TITLE STATEMENT
Title Geography of world affairs. -- 4th ed.
Statement of responsibility, etc. by J. P. Cole
250 ## - EDITION STATEMENT
Edition statement 4th ed.
260 ## - PUBLICATION, DISTRIBUTION, ETC.
Place of publication, distribution, etc. Middlesex:
Name of publisher, distributor, etc. Penguin
Date of publication, distribution, etc. 1972
300 ## - PHYSICAL DESCRIPTION
Extent 478p.: ill.
500 ## - GENERAL NOTE
General note Bibliography
650 ## - SUBJECT ADDED ENTRY--TOPICAL TERM
Topical term or geographic name entry element GEOGRAPHY
995 ## -
-- SPECIAL COLLECTIONS
-- 500003
-- CBU-DAG HAMMARSKJOLD INSTITUTE LIBRARY
-- DAG G 122 Col
-- 1
-- AVAILABLE
-- Aug 20, 2012
-- 500003
-- DHIPS Book Collection
999 ## -
-- 263
-- 263
Holdings
Withdrawn status Lost status Source of classification or shelving scheme Damaged status Not for loan Permanent Location Current Location Shelving location Date acquired Total Checkouts Full call number Barcode Date last seen Price effective from Koha item type
          CBU-DAG HAMMARSKJOLD INSTITUTE CBU-DAG HAMMARSKJOLD INSTITUTE   11/28/2022   G 122 Col 500003 11/28/2022 11/28/2022 MONOGRAPH